| 000 | 00840cam a2200241 a 4500 | ||
|---|---|---|---|
| 001 | 15366882 | ||
| 005 | 20180109072401.0 | ||
| 008 | 080715s2009 maua 001 0 eng | ||
| 010 | _a 2008933110 | ||
| 020 | _a9780312487300 (instructor's ed. : pbk.) | ||
| 020 | _a0312487304 (instructor's ed. : pbk.) | ||
| 040 |
_aDLC _cDLC |
||
| 041 | _aeng | ||
| 043 | _an-us--- | ||
| 080 | _a070 | ||
| 082 | _29 | ||
| 100 | _a40 | ||
| 101 | _aMED | ||
| 245 | 0 | 0 |
_aAmerica now : _cedited by Robert Atwan ; exercises prepared with the assistance of Valerie Duff-Strautmann, Jeffrey Ousborne, Stefanie Wortman. |
| 906 |
_a7 _bcbc _corignew _d3 _eepcn _f20 _gy-gencatlg |
||
| 942 |
_2ddc _cBK |
||
| 999 |
_c39906 _d39906 |
||